Modern medicine influenced by morbid anatomy (Record no. 165782)

MARC details
000 -LEADER
campo de control de longitud fija 00742nam a2200181 i 4500
001 - NÚMERO DE CONTROL
campo de control 165782
003 - IDENTIFICADOR DE NÚMERO DE CONTROL
campo de control ES-MaACL
005 - FECHA Y HORA DE LA ÚLTIMA TRANSACCIÓN
campo de control 20250807062551.0
008 - DATOS DE LONGITUD FIJA--INFORMACIÓN GENERAL
campo de control de longitud fija 050907s1830 xxk | |||||||| ||eng d
040 ## - FUENTE DE CATALOGACIÓN
Centro catalogador/agencia de origen CAM
Lengua de catalogación spa
Centro/agencia transcriptor CAM
100 1# - ENTRADA PRINCIPAL--NOMBRE DE PERSONA
Nombre de persona Stewart, Leonard.
9 (RLIN) 132908
245 10 - MENCIÓN DEL TÍTULO
Título Modern medicine influenced by morbid anatomy
Resto del título : an oration delivered at the fify-seventh anniversary of the Medical Society of London, also, an apology for Medical Nomenclature /
Mención de responsabilidad, etc. by Leonard Stewart.
260 ## - PUBLICACIÓN, DISTRIBUCIÓN, ETC.
Lugar de publicación, distribución, etc. London :
Nombre del editor, distribuidor, etc. Longman and co. :
-- and Burgess and Hill,
Fecha de publicación, distribución, etc. 1830 (
Lugar de fabricación/manufactura J. Morley)
300 ## - DESCRIPCIÓN FÍSICA
Extensión 56 p. ;
Dimensiones 22 cm.
650 #7 - PUNTO DE ACCESO ADICIONAL DE MATERIA--TÉRMINO DE MATERIA
Término de materia o nombre geográfico como elemento de entrada Medicina
Fuente del encabezamiento o término embne
9 (RLIN) 14891
852 ## - LOCALIZACIÓN
Ubicación ES-MaACL
Número de control de estantería T-488-F-1
Nota libre -- Enc. hol.
-- -- Enc. en un vol. facticio
Holdings
Estatus retirado Estado de pérdida Estado de daño No para préstamo Colección Biblioteca de origen Biblioteca actual Ubicación en estantería Fecha de adquisición Total de préstamos Signatura topográfica completa Código de barras Visto por última vez Precio de reemplazo Tipo de ítem Koha
        Colección de folletos Biblioteca del Ateneo de Madrid Biblioteca del Ateneo de Madrid Depósito folletos 17/01/2008   T-488-F-1 1173860 23/02/2023 23/02/2023 Folleto